000 00580nam a22002291i 4500
001 bimo0001516776
003 OSt
005 20160406090217.0
008 000401s1976 sp spa
020 _a84-239-0440-7
040 _cBMC
082 _a864.62
082 _a179.7
100 1 _97
_aUnamuno, Miguel de
_d1864-1936
245 1 3 _aLa dignidad humana
_cMiguel de Unamuno
250 _a7ยช ed
260 0 _aMadrid
_bEspasa-Calpe
_c1976
300 _a149 p.
_c18 cm
490 0 _aAustral
_v440
650 _975
_aDignidad de la persona
942 _2ddc
_cBK
_hprozim
999 _c65
_d65